01577cam a22003977a 4500003000500000005001700005008004100022010001000063011001000073035001000083040000900093090001000102100003600112245011100148260004100259300003200300502007900332590003700411590004100448590004100489590004100530590004200571650001900613650002200632650004700654650003400701650002300735901000700758905001200765942000900777949006200786949004800848999001700896952014000913952012601053CHAP20220329142821.0040420d2003 mx r 00110 spa d a88227 a89199 a99750 cCHAP aTesis00aCortez Escobedo, Sergio.92829810aInducción de raíces en estacas de hortensia (Hydrangea macrophylla Thunb)c/por Sergio Cortez Escobedo aChapingo, Méx. :bEl autor,c2003. a62 h. :bgráfs.; cuadros. aTesis (Ing. Agr. Esp. en Fitotecnia ) -- UACH. Departamento de Fitotecnia. aALEPHb10c20130110lUCH01h1456 aBATCH-UPDb10c20130110lUCH01h1424 aBATCH-UPDb10c20130410lUCH01h0905 aBATCH-UPDb10c20130914lUCH01h0430 aCONVERSIONb10c20130109lUCH01h134914aAuxinas.9843714aHortensia.95628814aPlantasxCrecimientoxEstimulantes.98880814aRaícesxCrecimiento.99467214aSustratos.9110789 aBK aElisama cFOLL aTesisbBCcTESd33724000922589eTS2fc.2h41647i99750sb aTesisbBCcTESd99750eTS1h41646i99750sb c88227d88227 00102local4053708TESISaBCbBCcPA_TESISd2019-12-31fTESISl0oTesisp33724000922589r2019-12-31 00:00:00tc.2w2019-12-31yTESIS 00102local4051708TESISaBCbBCcPA_TESISd2019-12-31fTESISl0oTesisp99750r2019-12-31 00:00:00w2019-12-31yTESIS